000 00625nam a22001937a 4500
999 _c172313
_d172313
005 20200131131027.0
010 _aA-773201
020 _c45.00
035 _aA-773201
037 _bBPPD/Pub.
082 _a841.08
100 _aمومن محی الدین
245 _aفارسی داستان نویسی مختصر باریخ /
_cمومن محی الدین
246 _aFarsi Dastaan Nausi Ki Mukhtasar Tareekh /
_bby Momin Mahiuddin
260 _aDelhi
_bMaktaba Jamia
_c1994 ء
270 _aJamia Nagar
_bNew Delhi
_e110025
300 _a80p.
_c21cm(Hb)
942 _2ddc
_cUR
_h841.08
_mم و م